Länder, die an die Schweiz grenzen - Statistiken

Allgemein
  • Dieses Quiz wurde 38.036 mal gespielt
  • Das Durchschnittsergebnis liegt bei 5 aus 5
Antwortstatistiken
Länge Länder % Korrekt
347 km Deutschland
100%
180 km Österreich
99%
585 km Frankreich
98%
782 km Italien
98%
41 km Liechtenstein
93%
Keine übereinstimmenden Quizze gefunden
Verteilung der Resultate
Anzahl Personen mit jedem Resultat
Perzentil nach korrekt beantworteten Fragen
Ihre Resultats-Entwicklung
Sie haben dieses Quiz noch nicht gespielt